000 00632cam a22002411 4500
999 _c6469
_d6469
001 6469
003 BD-JhCC
005 20180127103630.0
008 750626s1963 xx 000 0 eng
035 _a(BD-JhCC)6469
035 _a(BD-JhCC)
040 _aDLC
_cFO
_dDLC
041 _aeng
050 0 0 _aG525
_b.R547
082 _a910.45
_bRIE 1963
100 1 _aRieseberg, Harry E.
_q(Harry Earl)
245 1 0 _aMy compass points to treasure /
_cillustrated by Bernard Safran.
250 _a[1st ed.]
260 _aNew York :
_bHolt,
_c1963.
300 _a192 p. :
_bill.,
_c18 cm.
650 0 _aTreasure troves.
942 _2ddc
_cBK